Normal view
MARC view
Entry Personal Name
001 - CONTROL NUMBER
- control field: 12308
003 - CONTROL NUMBER IDENTIFIER
- control field: ARRUPE
005 - DATE AND TIME OF LATEST TRANSACTION
- control field: 20141031111225.0
008 - FIXED-LENGTH DATA ELEMENTS
- fixed length control field: 141031|| aca||aabn | a|a d
040 ## - CATALOGING SOURCE
- Original cataloging agency: ARRUPE
- Transcribing agency: ARRUPE
100 ## - HEADING--PERSONAL NAME
- Personal name: Cottingham, John,
- Dates associated with a name: 1943-
670 ## - SOURCE DATA FOUND
- Source citation: Work cat.: (ARRUPE)0: Cottingham, John, 1943-, The rationalists /, 1988.